000 00685nam a2200229 i 4500
001 170162
003 ES-MaACL
005 20230906214315.0
008 090206s1969 xxu |||| | eng d
020 _a13-197228-6
080 _a16
080 _a81:16
100 1 _aHarrison, Frank R.
_9139380
245 1 0 _aDeductive logic and descriptive language /
_cFrank R. Harrison, III.
260 _a[London] :
_bPrentice-Hall, Inc.,
_c1969.
300 _aX, 534 p. ;
_c24 cm.
500 _aGlosario.
500 _aÍndice.
650 4 _aLógica.
_914693
650 4 _aLenguaje y lógica.
_914350
852 4 _aES-MaACL
_jE-12419
_9R.140622
_z. - Biblioteca Jacinto Martínez Lacalle
999 _c170162
_d170162